[Event "4NCL 3 North pool B"]
[Site "Wakefield, ENG ENG"]
[Date "2015.11.14"]
[Round "1.95"]
[White "Kay, Lee P"]
[Black "Trueman, Glenn"]
[Result "1/2-1/2"]
[WhiteElo "2050"]
[BlackElo "2020"]
[PlyCount "30"]
[EventDate "2015.11.14"]
[WhiteTeam "Manchester Manticores 1"]
[BlackTeam "Manchester Manticores 2"]

1. d4 d5 2. Bg5 h6 3. Bh4 c6 4. a3 Bf5 5. e3 Nd7 6. Nf3 Ngf6 7. c4 e6 8. Nc3
Be7 9. Bd3 Bxd3 10. Qxd3 dxc4 11. Qxc4 Nd5 12. Bg3 N7f6 13. O-O O-O 14. Nxd5
exd5 15. Qb3 Qb6 1/2-1/2

[Event "4NCL 3 North pool B"]
[Site "Wakefield, ENG ENG"]
[Date "2015.11.14"]
[Round "1.96"]
[White "Collins, Richard A"]
[Black "Duke, Michael"]
[Result "0-1"]
[WhiteElo "1953"]
[BlackElo "2050"]
[PlyCount "102"]
[EventDate "2015.11.14"]
[WhiteTeam "Manchester Manticores 2"]
[BlackTeam "Manchester Manticores 1"]

1. d4 Nf6 2. c4 e5 3. dxe5 Ng4 4. Nf3 Nc6 5. Nc3 Bb4 6. Bd2 O-O 7. e3 Re8 8.
Be2 Ngxe5 9. a3 Bf8 10. Nd5 Nxf3+ 11. Bxf3 Ne5 12. Be2 d6 13. O-O c6 14. Nf4
Bf5 15. Bc3 Qh4 16. g3 Qh6 17. Ng2 Bh3 18. Re1 Rad8 19. Qd4 Be6 20. b3 Be7 21.
Qd1 Bf6 22. Rc1 d5 23. c5 Bc8 24. Nf4 Nd7 25. Bxf6 Nxf6 26. b4 Ne4 27. Bg4 f5
28. Be2 g5 29. Nd3 d4 30. exd4 Rxd4 31. Qc2 Red8 32. f3 Nf6 33. Rcd1 Nd5 34.
Nf2 Qf6 35. Rxd4 Qxd4 36. Rd1 Qe5 37. Bc4 Be6 38. Qc1 Qf6 39. h3 Bf7 40. Re1
Rd7 41. Nd3 Qd4+ 42. Kh2 h6 43. Qb2 Qxb2+ 44. Nxb2 Kg7 45. Nd3 Kf6 46. Kg1 Rd8
47. Kf2 Nxb4 48. axb4 Bxc4 49. Ne5 Be6 50. f4 gxf4 51. gxf4 Rd4 0-1

[Event "4NCL 3 North pool B"]
[Site "Wakefield, ENG ENG"]
[Date "2015.11.14"]
[Round "1.97"]
[White "Hamer, Martyn"]
[Black "Lyth, John D"]
[Result "1/2-1/2"]
[WhiteElo "2073"]
[BlackElo "1938"]
[PlyCount "31"]
[EventDate "2015.11.14"]
[WhiteTeam "Manchester Manticores 1"]
[BlackTeam "Manchester Manticores 2"]

1. Nf3 d5 2. d4 Nf6 3. c4 c6 4. Qc2 e6 5. g3 Be7 6. Bg2 O-O 7. O-O b6 8. Nbd2
Bb7 9. e4 Na6 10. Rd1 Rc8 11. b3 Qc7 12. e5 Nd7 13. Bb2 c5 14. Rac1 h6 15. Qb1
Qb8 16. a3 1/2-1/2

[Event "4NCL 3 North pool B"]
[Site "Wakefield, ENG ENG"]
[Date "2015.11.14"]
[Round "1.98"]
[White "Potter, Steven"]
[Black "Newton, Robert A"]
[Result "1/2-1/2"]
[WhiteElo "1908"]
[BlackElo "2103"]
[PlyCount "100"]
[EventDate "2015.11.14"]
[WhiteTeam "Manchester Manticores 2"]
[BlackTeam "Manchester Manticores 1"]

1. d4 g6 2. Bg5 Bg7 3. c3 c5 4. d5 d6 5. e3 a6 6. Nf3 Bg4 7. Be2 Nd7 8. Nbd2 b5
9. h3 Bxf3 10. Bxf3 Rb8 11. O-O Qb6 12. Rb1 a5 13. a4 b4 14. Nc4 Qc7 15. Qd3
Ngf6 16. e4 O-O 17. Rfe1 Ne5 18. Nxe5 dxe5 19. cxb4 Rxb4 20. Bxf6 Bxf6 21. b3
Bg5 22. Be2 Rd4 23. Qc2 f5 24. Bc4 Kg7 25. Rbd1 f4 26. f3 h5 27. Rxd4 cxd4 28.
Rc1 Bh4 29. Bb5 Qxc2 30. Rxc2 Be1 31. Kf1 Bb4 32. Ke2 g5 33. Bd7 Rd8 34. Be6
Rb8 35. Bd7 Bc3 36. Bb5 Kf6 37. Bc4 Bb4 38. Bb5 Rd8 39. Rc6+ Kg7 40. Rc1 Bc3
41. Bc4 Kf6 42. Rg1 Rd6 43. Kd3 g4 44. hxg4 hxg4 45. Rh1 Kg5 46. Rh7 gxf3 47.
gxf3 Kf6 48. Rh6+ Kg5 49. Rxd6 exd6 50. Ke2 Kh4 1/2-1/2

[Event "4NCL 3 North pool B"]
[Site "Wakefield, ENG ENG"]
[Date "2015.11.14"]
[Round "1.99"]
[White "Whitehead, Mark A"]
[Black "Tyton, Adam"]
[Result "1-0"]
[WhiteElo "1990"]
[BlackElo "1923"]
[PlyCount "69"]
[EventDate "2015.11.14"]
[WhiteTeam "Manchester Manticores 1"]
[BlackTeam "Manchester Manticores 2"]

1. e4 c6 2. d4 d5 3. Nd2 dxe4 4. Nxe4 Nd7 5. Bc4 Ngf6 6. Ng5 e6 7. Qe2 Nb6 8.
Bd3 h6 9. N5f3 Bd6 10. Ne5 Qe7 11. Ngf3 Bd7 12. O-O g5 13. c4 Bc7 14. b3 O-O-O
15. a4 Rdg8 16. Ba3 Qe8 17. a5 Na8 18. Bc5 a6 19. Nd2 h5 20. b4 Ng4 21. Ne4 f6
22. Nf3 Qf7 23. b5 h4 24. Rfb1 Nh6 25. bxa6 bxa6 26. Nd6+ Bxd6 27. Bxd6 Nc7 28.
Qb2 Kd8 29. Qb8+ Bc8 30. Rb7 Rg7 31. Rab1 Qd7 32. Rxc7 Qxc7 33. Bxc7+ Rxc7 34.
c5 Kd7 35. Bxa6 1-0

[Event "4NCL 3 North pool B"]
[Site "Wakefield, ENG ENG"]
[Date "2015.11.14"]
[Round "1.100"]
[White "Lonsdale, Jon I"]
[Black "Reed, John"]
[Result "0-1"]
[WhiteElo "1885"]
[BlackElo "1998"]
[PlyCount "96"]
[EventDate "2015.11.14"]
[WhiteTeam "Manchester Manticores 2"]
[BlackTeam "Manchester Manticores 1"]

1. e4 e5 2. Nf3 Nc6 3. Bb5 a6 4. Ba4 d6 5. Bxc6+ bxc6 6. d4 exd4 7. Nxd4 Bd7 8.
Nc3 Nf6 9. Qd3 Be7 10. O-O c5 11. Nf3 O-O 12. Bf4 Bc6 13. Rad1 Qb8 14. Bc1 Qb7
15. Rfe1 Rfe8 16. e5 dxe5 17. Rxe5 Bd6 18. Rxe8+ Rxe8 19. Re1 Qc8 20. Rxe8+
Qxe8 21. Bd2 Qe6 22. b3 Qg4 23. h3 Qh5 24. a4 c4 25. bxc4 Bxf3 26. Qxf3 Qxf3
27. gxf3 Kf8 28. Ne4 Be7 29. Kf1 Nd7 30. Ba5 Nb6 31. c5 Nxa4 32. Bxc7 Nxc5 33.
Ke2 Ke8 34. Ke3 Kd7 35. Ba5 Kc6 36. Kd4 Nxe4 37. fxe4 Bc5+ 38. Ke5 Bxf2 39. Bc3
Bg3+ 40. Kf5 f6 41. Ke6 Kc5 42. Kf7 Be5 43. Bxe5 fxe5 44. Ke6 a5 45. Kxe5 a4
46. Ke6 a3 47. e5 a2 48. Kd7 a1=Q 0-1

[Event "4NCL 3 North pool B"]
[Site "Wakefield, ENG ENG"]
[Date "2015.11.14"]
[Round "1.105"]
[White "Ellames, Roy"]
[Black "Berry, Neil"]
[Result "1/2-1/2"]
[WhiteElo "2147"]
[BlackElo "2370"]
[PlyCount "31"]
[EventDate "2015.11.14"]
[WhiteTeam "Spirit of Atticus B"]
[BlackTeam "Alba"]

1. e4 e5 2. Nf3 Nc6 3. Bb5 a6 4. Bxc6 dxc6 5. Nc3 f6 6. d4 Bb4 7. a3 exd4 8.
axb4 dxc3 9. Qxd8+ Kxd8 10. bxc3 Ne7 11. O-O Bd7 12. e5 Ng6 13. exf6 gxf6 14.
Be3 Ke7 15. Ra5 Kf7 16. Rfa1 1/2-1/2

[Event "4NCL 3 North pool B"]
[Site "Wakefield, ENG ENG"]
[Date "2015.11.14"]
[Round "1.106"]
[White "Sreeves, Clement"]
[Black "Latham, David"]
[Result "1/2-1/2"]
[WhiteElo "2352"]
[BlackElo "2094"]
[PlyCount "85"]
[EventDate "2015.11.14"]
[WhiteTeam "Alba"]
[BlackTeam "Spirit of Atticus B"]

1. e4 c6 2. d4 d5 3. Nc3 b5 4. a3 a6 5. Nf3 Bg4 6. h3 Bxf3 7. Qxf3 e6 8. Bd3
Ne7 9. O-O Nd7 10. Re1 Nb6 11. Ne2 Ng6 12. Ng3 Be7 13. Nh5 O-O 14. Qg4 dxe4 15.
Qxe4 Nd5 16. Bd2 Bg5 17. Bb4 Nxb4 18. axb4 Qd6 19. c3 Ra7 20. g3 Rfa8 21. h4
Bd8 22. Re3 a5 23. bxa5 Rxa5 24. Rae1 Nf8 25. Qg4 g6 26. Nf4 R8a7 27. Bb1 b4
28. Nd3 bxc3 29. bxc3 Bf6 30. Nc5 Bg7 31. Qf3 Ra1 32. Be4 e5 33. Nb3 Rxe1+ 34.
Rxe1 exd4 35. Nxd4 Ra3 36. Re3 c5 37. Nb5 Ra1+ 38. Kh2 Qd1 39. Bd5 Qg1+ 40. Kh3
Qf1+ 41. Kh2 Qg1+ 42. Kh3 Qf1+ 43. Kh2 1/2-1/2

[Event "4NCL 3 North pool B"]
[Site "Wakefield, ENG ENG"]
[Date "2015.11.14"]
[Round "1.107"]
[White "Robertson, David J"]
[Black "Findlay David John"]
[Result "1/2-1/2"]
[WhiteElo "2125"]
[BlackElo "2186"]
[PlyCount "135"]
[EventDate "2015.11.14"]
[WhiteTeam "Spirit of Atticus B"]
[BlackTeam "Alba"]

1. e4 e5 2. Nf3 d6 3. Bc4 Nc6 4. c3 g6 5. d3 Bg7 6. Nbd2 Nf6 7. O-O O-O 8. Re1
Na5 9. Bb5 a6 10. Ba4 b5 11. Bc2 c5 12. Nf1 Bb7 13. Ng3 Re8 14. Bd2 Qb6 15. b4
Nc6 16. a3 Rad8 17. Qc1 Rc8 18. Qd1 cxb4 19. axb4 d5 20. exd5 Nxd5 21. Ne4 Rcd8
22. Bb3 Nce7 23. Nc5 Nf5 24. Nxb7 Qxb7 25. Ng5 Bh6 26. Ne4 Bxd2 27. Bxd5 Rxd5
28. Qxd2 Kg7 29. Nc5 Qc8 30. Qa2 Rd6 31. Re4 Rc6 32. Rae1 f6 33. R4e2 Nd6 34.
g3 Nb7 35. d4 Nxc5 36. dxc5 Qe6 37. Qxe6 Rcxe6 38. Rd2 e4 39. Rd7+ R8e7 40.
Rxe7+ Rxe7 41. Ra1 Re6 42. Kf1 f5 43. Ke2 Kf6 44. f4 exf3+ 45. Kxf3 g5 46. Rd1
Rc6 47. Rd7 h6 48. Rb7 Ke5 49. Ke3 Kd5 50. Kd3 Rf6 51. Rb8 Re6 52. Rd8+ Ke5 53.
c4 bxc4+ 54. Kxc4 f4 55. gxf4+ gxf4 56. Kd3 Kf5 57. Rf8+ Kg4 58. Kd4 f3 59. Kd5
Re2 60. c6 Rxh2 61. c7 Rc2 62. c8=Q+ Rxc8 63. Rxc8 f2 64. Rf8 Kg3 65. Rg8+ Kh3
66. Rf8 Kg2 67. Rg8+ Kh3 68. Rf8 1/2-1/2

[Event "4NCL 3 North pool B"]
[Site "Wakefield, ENG ENG"]
[Date "2015.11.14"]
[Round "1.108"]
[White "Green, Andrew D"]
[Black "Hall, John"]
[Result "1-0"]
[WhiteElo "2165"]
[BlackElo "2087"]
[PlyCount "111"]
[EventDate "2015.11.14"]
[WhiteTeam "Alba"]
[BlackTeam "Spirit of Atticus B"]

1. d4 Nf6 2. Nf3 c5 3. d5 d6 4. Nc3 e5 5. e4 g6 6. Bb5+ Nbd7 7. a4 Bg7 8. O-O
a6 9. Be2 O-O 10. Nd2 Ne8 11. Nc4 f5 12. exf5 gxf5 13. f4 Nb6 14. Na3 Rb8 15.
a5 Nd7 16. Nc4 Kh8 17. Na4 e4 18. Ra3 Ndf6 19. Nab6 Rg8 20. Bd2 Nc7 21. Nxc8
Rxc8 22. Nb6 Rb8 23. c4 Nce8 24. Qa4 Qe7 25. b4 Rd8 26. bxc5 dxc5 27. Be3 Nd7
28. Nxd7 Rxd7 29. Rd1 Bd4 30. Rxd4 Qg7 31. Kf1 cxd4 32. Bxd4 Qxd4 33. Qxd7 Qb2
34. Re3 Qd2 35. Rh3 Qxf4+ 36. Kg1 Ng7 37. Qe7 Re8 38. Qh4 Qxh4 39. Rxh4 Kg8 40.
Kf2 Kf7 41. Rh6 f4 42. Rh4 Kf6 43. Rxf4+ Ke5 44. Rf7 Nf5 45. Rxb7 Kd4 46. g4
e3+ 47. Ke1 Nd6 48. Rb6 Ne4 49. Rxa6 Rf8 50. Rb6 Nc3 51. a6 Nxe2 52. Kxe2 Rf2+
53. Ke1 Ra2 54. d6 Kd3 55. Rb3+ Kxc4 56. d7 1-0

[Event "4NCL 3 North pool B"]
[Site "Wakefield, ENG ENG"]
[Date "2015.11.14"]
[Round "1.109"]
[White "Phillips, David A"]
[Black "Bamber, Elaine"]
[Result "0-1"]
[WhiteElo "2027"]
[BlackElo "2062"]
[PlyCount "80"]
[EventDate "2015.11.14"]
[WhiteTeam "Spirit of Atticus B"]
[BlackTeam "Alba"]

1. e4 e5 2. Nf3 Nc6 3. Bc4 Bc5 4. c3 Nf6 5. d3 O-O 6. Nbd2 d6 7. h3 a6 8. Bb3
Ne7 9. d4 exd4 10. cxd4 Ba7 11. O-O Ng6 12. Re1 Re8 13. Bc2 Nh5 14. Nf1 Nhf4
15. Ng3 c5 16. Be3 Ne6 17. Nf5 Qc7 18. Rc1 b5 19. Qd2 Bb7 20. d5 Nef8 21. Qc3
f6 22. a3 Bc8 23. N3d4 Bb6 24. Nc6 Bxf5 25. exf5 Ne7 26. Nxe7+ Rxe7 27. Bf4
Rae8 28. Re6 Nxe6 29. fxe6 c4 30. Qg3 Rd8 31. Qg4 Bd4 32. Bxd6 Qxd6 33. Qxd4
Qxd5 34. Qh4 g5 35. Qg4 Qxe6 36. Qf3 Qe5 37. Bf5 Qxb2 38. Rc2 Re1+ 39. Kh2 Qe5+
40. g3 Qd5 0-1

[Event "4NCL 3 North pool B"]
[Site "Wakefield, ENG ENG"]
[Date "2015.11.14"]
[Round "1.110"]
[White "Grassie, Duncan"]
[Black "Connor, Stephen J"]
[Result "1-0"]
[WhiteElo "2095"]
[BlackElo "2012"]
[PlyCount "107"]
[EventDate "2015.11.14"]
[WhiteTeam "Alba"]
[BlackTeam "Spirit of Atticus B"]

1. d4 Nf6 2. Bg5 d5 3. Bxf6 exf6 4. e3 Bf5 5. Bd3 Bxd3 6. Qxd3 c6 7. b3 Na6 8.
Ne2 Bd6 9. c4 Bb4+ 10. Nbc3 O-O 11. O-O Bxc3 12. Nxc3 Re8 13. Rfc1 Rc8 14. a3
Nc7 15. c5 Ne6 16. b4 Ng5 17. b5 Qa5 18. Rab1 g6 19. Rb4 Qxa3 20. Rcb1 Ne4 21.
R4b3 Qa5 22. Nxe4 Rxe4 23. b6 Qa4 24. Ra3 Qc4 25. bxa7 Qxd3 26. Rxd3 Re7 27.
Rdb3 Ra8 28. Rxb7 Rxa7 29. Rxe7 Rxe7 30. Rb6 Rc7 31. g4 Kg7 32. Kg2 f5 33. gxf5
gxf5 34. Kf3 h6 35. Kf4 Kf6 36. f3 Rc8 37. Rb7 Re8 38. Rc7 Re6 39. Rd7 Re8 40.
Rc7 Re6 41. h4 Kg6 42. Rd7 Kg7 43. Rd6 Kf6 44. h5 Ke7 45. Kxf5 Rxe3 46. Rxc6
Rxf3+ 47. Ke5 f6+ 48. Kxd5 Rf5+ 49. Ke4 Rxh5 50. Rc7+ Ke8 51. Rh7 Rh1 52. c6
Rc1 53. Kd5 f5 54. Kd6 1-0

[Event "4NCL 3 North pool B"]
[Site "Wakefield, ENG ENG"]
[Date "2015.11.14"]
[Round "1.115"]
[White "Kolbus, Dietmar"]
[Black "Armstrong, William G"]
[Result "1-0"]
[WhiteElo "2314"]
[BlackElo "1817"]
[PlyCount "69"]
[EventDate "2015.11.14"]
[WhiteTeam "Manx Ravens"]
[BlackTeam "Cheddleton 3"]

1. c4 Nf6 2. Nc3 g6 3. e4 d6 4. d4 Bg7 5. Bd3 e5 6. d5 O-O 7. Nge2 Nbd7 8. f3
Nc5 9. Bc2 a5 10. Be3 b6 11. Nb5 Ne8 12. Qd2 f5 13. Nec3 Nf6 14. exf5 gxf5 15.
O-O-O Bd7 16. Kb1 Qc8 17. Bg5 Rf7 18. g3 Kh8 19. Rhg1 Ng8 20. h3 Bf8 21. Be3
Ne7 22. f4 Bg7 23. fxe5 Bxe5 24. Bd4 Ng6 25. Rdf1 Kg8 26. g4 f4 27. Re1 Bxb5
28. Nxb5 f3 29. Rgf1 Bg3 30. Bxg6 hxg6 31. Qh6 Be5 32. Rxe5 dxe5 33. Bxe5 Rd7
34. Qh8+ Kf7 35. Rxf3+ 1-0

[Event "4NCL 3 North pool B"]
[Site "Wakefield, ENG ENG"]
[Date "2015.11.14"]
[Round "1.116"]
[White "Boswell, Jacob Connor"]
[Black "Fabri, Henrik"]
[Result "1/2-1/2"]
[WhiteElo "1787"]
[BlackElo "2019"]
[PlyCount "50"]
[EventDate "2015.11.14"]
[WhiteTeam "Cheddleton 3"]
[BlackTeam "Manx Ravens"]

1. e4 Nf6 2. e5 Nd5 3. d4 d6 4. c4 Nb6 5. Nf3 Bg4 6. exd6 exd6 7. Be3 Nc6 8. d5
Ne5 9. Nbd2 Be7 10. Be2 Nxf3+ 11. Nxf3 O-O 12. Nd4 Bxe2 13. Qxe2 Bf6 14. O-O
Re8 15. Qd3 Nd7 16. b3 Ne5 17. Qd1 Qd7 18. h3 g6 19. Qd2 c5 20. dxc6 Nxc6 21.
Rad1 Nxd4 22. Bxd4 Bxd4 23. Qxd4 Re6 24. Rd2 b6 25. Rfd1 Rae8 1/2-1/2

[Event "4NCL 3 North pool B"]
[Site "Wakefield, ENG ENG"]
[Date "2015.11.14"]
[Round "1.117"]
[White "Gumireddy, Sanjay Savio"]
[Black "Edwards, Roger J"]
[Result "1/2-1/2"]
[WhiteElo "1930"]
[BlackElo "1780"]
[PlyCount "57"]
[EventDate "2015.11.14"]
[WhiteTeam "Manx Ravens"]
[BlackTeam "Cheddleton 3"]

1. c4 e5 2. Nc3 f5 3. g3 Nf6 4. Bg2 d6 5. d3 Be7 6. e4 c6 7. Nge2 O-O 8. O-O
Qe8 9. f4 fxe4 10. dxe4 Qh5 11. f5 Nbd7 12. h3 Nb6 13. Rf3 Kh8 14. b3 d5 15.
cxd5 Bc5+ 16. Be3 Bxe3+ 17. Rxe3 cxd5 18. exd5 Qxf5 19. Qf1 Qh5 20. Qf3 Qe8 21.
Rf1 Bd7 22. g4 Qe7 23. Qg3 Rae8 24. Nd4 Qc5 25. Nde2 Nbxd5 26. Bxd5 Nxd5 27.
Rxf8+ Rxf8 28. Nxd5 Qxd5 29. Nc3 1/2-1/2

[Event "4NCL 3 North pool B"]
[Site "Wakefield, ENG ENG"]
[Date "2015.11.14"]
[Round "1.118"]
[White "Grzybowski, Karol"]
[Black "Dobson, Howard EJ"]
[Result "0-1"]
[WhiteElo "1742"]
[BlackElo "1802"]
[PlyCount "94"]
[EventDate "2015.11.14"]
[WhiteTeam "Cheddleton 3"]
[BlackTeam "Manx Ravens"]

1. c4 Nf6 2. Nc3 c5 3. e3 Nc6 4. a3 g6 5. Nf3 Bg7 6. Be2 O-O 7. d4 cxd4 8. exd4
d5 9. c5 Ne4 10. Qb3 Nxd4 11. Nxd4 Bxd4 12. Nxe4 dxe4 13. Bh6 Qa5+ 14. Bd2 Qxc5
15. O-O Be6 16. Qxb7 e3 17. Bb4 exf2+ 18. Kh1 Qe5 19. Bf3 Rac8 20. Bc3 Bxc3 21.
bxc3 Qxc3 22. Qxa7 Bc4 23. Qxf2 Bxf1 24. Qxf1 Rc7 25. h3 Rfc8 26. a4 Qxa1 27.
Qxa1 Rc1+ 28. Qxc1 Rxc1+ 29. Kh2 Ra1 30. Bc6 e5 31. Kg3 f5 32. Kf3 Ra3+ 33. Kf2
Kf8 34. g3 Ke7 35. h4 h6 36. Kg2 g5 37. Kf2 f4 38. gxf4 exf4 39. hxg5 hxg5 40.
Kg2 Kf6 41. Kf2 Ke5 42. Ke2 Kd4 43. Kf2 g4 44. Bd7 Ra2+ 45. Kf1 g3 46. Bc6 Ke3
47. a5 f3 0-1

[Event "4NCL 3 North pool B"]
[Site "Wakefield, ENG ENG"]
[Date "2015.11.14"]
[Round "1.119"]
[White "Bibby, Liam"]
[Black "Blackburn, Jon"]
[Result "1/2-1/2"]
[WhiteElo "1705"]
[BlackElo "1720"]
[PlyCount "67"]
[EventDate "2015.11.14"]
[WhiteTeam "Manx Ravens"]
[BlackTeam "Cheddleton 3"]

1. e4 e6 2. d4 d5 3. Nd2 Nf6 4. e5 Nfd7 5. Ngf3 c5 6. c3 Nc6 7. Be2 Qb6 8. Qb3
c4 9. Qxb6 axb6 10. O-O b5 11. b3 Nb6 12. b4 Bd7 13. Re1 Ne7 14. Nb1 h6 15. a3
g5 16. h4 g4 17. Nh2 h5 18. g3 Bh6 19. Nf1 Bxc1 20. Rxc1 Nf5 21. Ne3 Nxe3 22.
fxe3 Ke7 23. Rf1 Rh6 24. Bd1 f6 25. exf6+ Rxf6 26. Ra2 Raf8 27. Raf2 Be8 28.
Bc2 Rxf2 29. Rxf2 Rxf2 30. Kxf2 Kd6 31. Nd2 e5 32. Nf1 e4 33. Nd2 Nc8 34. Nf1
1/2-1/2

[Event "4NCL 3 North pool B"]
[Site "Wakefield, ENG ENG"]
[Date "2015.11.14"]
[Round "1.120"]
[White "Emmerton, Stephen J"]
[Black "Griffin, John"]
[Result "1-0"]
[WhiteElo "1690"]
[BlackElo "1622"]
[PlyCount "94"]
[EventDate "2015.11.14"]
[WhiteTeam "Cheddleton 3"]
[BlackTeam "Manx Ravens"]

1. Nf3 d5 2. g3 Bf5 3. Bg2 e6 4. O-O Nd7 5. c4 c6 6. cxd5 exd5 7. Nc3 Qf6 8. d4
h6 9. Bf4 Bd6 10. Bxd6 Qxd6 11. Qb3 Qc7 12. Rac1 Qb6 13. Qxb6 Nxb6 14. Nd2 Nf6
15. e4 dxe4 16. Ndxe4 Nxe4 17. Bxe4 Bxe4 18. Nxe4 Kd7 19. Nc5+ Kc7 20. Rfe1
Rhe8 21. f4 Rad8 22. Rxe8 Rxe8 23. Kf2 Nd5 24. a3 b6 25. Nd3 f6 26. Re1 Rxe1
27. Nxe1 Kd6 28. Ke2 Ne7 29. g4 Kd5 30. Kd3 f5 31. h3 fxg4 32. hxg4 Ng8 33. Ng2
Nf6 34. Ne3+ Ke6 35. f5+ Kd7 36. Kc4 h5 37. gxh5 Nxh5 38. d5 c5 39. Kb5 Kd6 40.
Ka6 Nf4 41. Kxa7 b5 42. Kb6 Nxd5+ 43. Nxd5 Kxd5 44. Kxb5 Ke5 45. a4 Kxf5 46. a5
g5 47. a6 g4 1-0

[Event "4NCL 3 North pool B"]
[Site "Wakefield, ENG ENG"]
[Date "2015.11.14"]
[Round "1.125"]
[White "Bramson, Mike"]
[Black "Bak, Andrew"]
[Result "0-1"]
[WhiteElo "1860"]
[BlackElo "2026"]
[PlyCount "82"]
[EventDate "2015.11.14"]
[WhiteTeam "Bradford DCA Knights C"]
[BlackTeam "Bradford DCA Knights B"]

1. e4 c6 2. d4 d5 3. Nc3 dxe4 4. f3 Nf6 5. fxe4 e5 6. Nf3 exd4 7. Nxd4 Bc5 8.
Nb3 Qxd1+ 9. Kxd1 Bd6 10. Bd3 Bg4+ 11. Ne2 Nbd7 12. h3 Bh5 13. Bf4 O-O-O 14. a3
Be7 15. Nbd4 Nc5 16. Nf5 Nxd3 17. Nxe7+ Kd7 18. cxd3 Kxe7 19. g4 Bg6 20. Kc2
Nxe4 21. dxe4 Bxe4+ 22. Kc3 Bxh1 23. Rxh1 f6 24. Ng3 g6 25. g5 Rd5 26. gxf6+
Kxf6 27. Rf1 Kg7 28. h4 Rhd8 29. Ne4 h6 30. Kc2 b6 31. Bd2 Rf5 32. Bc3+ Kf7 33.
Re1 Rf4 34. Be5 Rxh4 35. Rf1+ Ke6 36. Bc7 Rd7 37. Bf4 Rd4 38. Ng5+ hxg5 39.
Bxg5 Rh2+ 40. Kc3 Rg4 41. Rf6+ Ke5 0-1

[Event "4NCL 3 North pool B"]
[Site "Wakefield, ENG ENG"]
[Date "2015.11.14"]
[Round "1.126"]
[White "Gardiner, Eric D"]
[Black "Patrick, David A"]
[Result "1/2-1/2"]
[WhiteElo "1944"]
[BlackElo "1860"]
[PlyCount "68"]
[EventDate "2015.11.14"]
[WhiteTeam "Bradford DCA Knights B"]
[BlackTeam "Bradford DCA Knights C"]

1. d4 d5 2. c4 c6 3. Nf3 Nf6 4. e3 a6 5. Bd3 Bg4 6. Nbd2 e6 7. O-O Nbd7 8. Qc2
Bd6 9. b3 Rc8 10. c5 Bb8 11. Bb2 Bh5 12. b4 Bg6 13. h3 Qe7 14. Rfe1 O-O 15.
Bxg6 hxg6 16. Ne5 Nxe5 17. dxe5 Nd7 18. f4 Qh4 19. Kh2 Qh6 20. Nf3 f6 21. exf6
gxf6 22. g3 e5 23. Kg2 Rf7 24. h4 Rcf8 25. Rf1 Qh5 26. Rf2 Re8 27. Rff1 exf4
28. exf4 Rfe7 29. Bc3 Re4 30. Rfe1 Qg4 31. Rxe4 Rxe4 32. Nh2 Qe6 33. Nf3 Qg4
34. Nh2 Qe6 1/2-1/2

[Event "4NCL 3 North pool B"]
[Site "Wakefield, ENG ENG"]
[Date "2015.11.14"]
[Round "1.127"]
[White "Braham, Peter"]
[Black "Bak, Christopher"]
[Result "0-1"]
[WhiteElo "1847"]
[BlackElo "1975"]
[PlyCount "50"]
[EventDate "2015.11.14"]
[WhiteTeam "Bradford DCA Knights C"]
[BlackTeam "Bradford DCA Knights B"]

1. e4 e5 2. Nf3 Nc6 3. Bb5 Nge7 4. O-O Ng6 5. d4 exd4 6. Nxd4 Bc5 7. Nf5 O-O 8.
Nc3 Re8 9. Be3 Bf8 10. a3 a6 11. Ba4 b5 12. Bb3 Bb7 13. f3 Nce7 14. Nxe7+ Bxe7
15. Nd5 Bd6 16. Bf2 Be5 17. c3 c6 18. Nb6 Qc7 19. Nxa8 Bxh2+ 20. Kh1 Bxa8 21.
Qe1 d5 22. Bb6 Qe5 23. exd5 Qb8 24. Qf2 Bg3 25. Ba7 Qe5 0-1

[Event "4NCL 3 North pool B"]
[Site "Wakefield, ENG ENG"]
[Date "2015.11.14"]
[Round "1.128"]
[White "Slinger, Tony J"]
[Black "Procter, Colin S"]
[Result "1-0"]
[WhiteElo "1926"]
[BlackElo "1825"]
[PlyCount "85"]
[EventDate "2015.11.14"]
[WhiteTeam "Bradford DCA Knights B"]
[BlackTeam "Bradford DCA Knights C"]

1. c4 e6 2. g3 Nf6 3. Bg2 c6 4. Nf3 d5 5. O-O Be7 6. b3 O-O 7. Bb2 Nbd7 8. d3
b6 9. e4 Bb7 10. e5 Ne8 11. Re1 Qc8 12. Nc3 a6 13. Rc1 dxc4 14. dxc4 Bb4 15. a3
Bxc3 16. Rxc3 Nc7 17. Qc2 Rd8 18. Ng5 Nf8 19. Ne4 Ne8 20. c5 bxc5 21. Nxc5 Rb8
22. Nxb7 Rxb7 23. Bxc6 Rc7 24. Rc1 Nd7 25. f4 Qb8 26. Be4 Qb6+ 27. Qf2 Qxf2+
28. Kxf2 Rxc3 29. Rxc3 Nb6 30. Ke2 Nd5 31. Bxd5 Rxd5 32. Rc8 Kf8 33. Bc3 Ke7
34. Rb8 Nc7 35. Bb4+ Kd7 36. Rf8 f5 37. Rf7+ Kc6 38. Rxg7 Nb5 39. Rxh7 Nd4+ 40.
Kf2 Nxb3 41. Re7 a5 42. Rxe6+ Kb5 43. Rd6 1-0

[Event "4NCL 3 North pool B"]
[Site "Wakefield, ENG ENG"]
[Date "2015.11.14"]
[Round "1.129"]
[White "Dean, Robert A"]
[Black "Barker, Arron"]
[Result "1-0"]
[WhiteElo "1824"]
[BlackElo "1915"]
[PlyCount "93"]
[EventDate "2015.11.14"]
[WhiteTeam "Bradford DCA Knights C"]
[BlackTeam "Bradford DCA Knights B"]

1. e4 e6 2. d4 d5 3. Nd2 Nf6 4. e5 Nfd7 5. Bd3 c5 6. c3 Nc6 7. Ne2 Qb6 8. Nf3
cxd4 9. cxd4 Bb4+ 10. Bd2 Bxd2+ 11. Qxd2 Qb4 12. Rc1 Nb6 13. Nc3 a6 14. a3 Qe7
15. b4 Bd7 16. O-O h6 17. Qb2 Qd8 18. Rb1 Ne7 19. b5 a5 20. Rfc1 O-O 21. Qe2 f6
22. exf6 Rxf6 23. Ne5 Nf5 24. Qg4 Qe8 25. Ne2 Nc4 26. Nxc4 dxc4 27. Bxc4 Nd6
28. a4 Nxc4 29. Rxc4 Qf7 30. Qh4 Rf8 31. f3 Qg6 32. Qe4 Qg5 33. Ng3 Be8 34.
Rbc1 h5 35. Qe5 Qg6 36. Ne4 Rxf3 37. Ng5 R3f6 38. h4 Qd3 39. Rc7 Qd2 40. Nf3
Qb2 41. Qg5 Rg6 42. Qd2 Qb3 43. Ne5 Rg3 44. Kh2 Re3 45. Rxb7 Rxe5 46. dxe5 Bg6
47. Rcc7 1-0

[Event "4NCL 3 North pool B"]
[Site "Wakefield, ENG ENG"]
[Date "2015.11.14"]
[Round "1.130"]
[White "Johnson, Paul A"]
[Black "Mahoney, Nicholas"]
[Result "1/2-1/2"]
[WhiteElo "1878"]
[BlackElo "1741"]
[PlyCount "60"]
[EventDate "2015.11.14"]
[WhiteTeam "Bradford DCA Knights B"]
[BlackTeam "Bradford DCA Knights C"]

1. d4 Nf6 2. Nf3 d5 3. c4 e6 4. Nc3 Bb4 5. e3 O-O 6. Bd3 Bxc3+ 7. bxc3 b6 8.
O-O Bb7 9. Ne5 Nbd7 10. f4 Ne4 11. Ba3 c5 12. Bxe4 dxe4 13. Qb3 Nxe5 14. fxe5
Qc7 15. Rac1 Rfd8 16. Rf2 Rd7 17. Bb2 Rf8 18. Rcf1 Qc6 19. Ba3 Rc8 20. Rc1 Rf8
21. Qb5 Rc8 22. Rd2 cxd4 23. Qxc6 Bxc6 24. cxd4 Bb7 25. Rdc2 Rdc7 26. Rc3 Bd5
27. c5 bxc5 28. Bxc5 Bxa2 29. Ra1 Bd5 30. Rca3 h6 1/2-1/2